000 01563nam a2200253Ia 4500
003 Ost
005 20260507075223.0
008 260507s9999||||xx |||||||||||||| ||und||
020 _a28371199579
040 _cfsecg
041 _aara
082 _a330
100 _aالغالبي، طاهر محسن
_eمؤلف
245 0 _aالتطوير التنظيمي :
_bمدخل تحليلي للمفاهيم و العلاقات ،الاستراتيجيات و العمليات ، المناهج و التقنيات /
_c طاهر محسن الغالبي
260 _aعمان:
_bدار وائل,
_c2009
300 _a401 صفحة؛
_bإيضاحات ؛
_c29 سم
504 _aمراجع : لكل فصل مرجع
520 _aالاطار المفاهيمي للتطور التنظيمي و منطلقاته الاساسية ، علاقة التطوير التنظيمي بالتحول التنظيمي و قيمه و أخلاقياته و بعالم الادارة و القيادة التحويلية و نتائجها ، ادارة التطوير التنظيمي و استراتيجياته و كذلك عمليات هذا التطوير و تقويم برامجه ، مفهوم مناهج التطوير التنظيمي و مجالاتها و أنواعها و أخيرا مفهوم تقنيات التطوير التنظيمي و أسس تصنيفها و استخداماتها .
653 _aالادارة
653 _aالتخطيط
653 _aالتنظيم
700 _aصالح، احمد علي
_eمؤلف ثانوي
942 _cكتاب
999 _c43527
_d43527